000 00343 a2200169 4500
001 192467
020 _a978-85-390-0620-5
040 _cMagnum
100 _aThiel, Peter
240 1 0 _aDe zero a um
_lpor
245 1 0 _aDe zero a um
300 _a215
362 0 _a2014
440 1 _aObjetiva
697 _aLITERATURA GERAL
942 _cBK
999 _c192467
_d192467